00456nam a2200181Ia 4500008004000000020001800040041000800058082001700066100002000083245005300103260003700156300001200193650001700205650001500222650001800237650001100255650000800266210210b2009 xxu||||| |||| 00| 0 eng d a9788120337039 aeng a658.406 KONO aKONDALKAR (V G) aOrganization effectiveness and change management aNDbPHI Learning Pvt. Ltd.c2009 axxi,446 aOrganization amanagement aeffectiveness achange aand